Datum a čas kvízu
28
Celkem bodů
Celkový počet nahraných bodů na tomto kvízu bez doplňovacích otázek.
4.
Pořadí na kvízu
Konečné umístění týmu na tomto kvízu.
Zaznamenané odpovědi
| # | Otázka | Odpověď | Body | Výsledky |
|---|---|---|---|---|
| 1. | Vedle kanceláře poslance SPD R... | 1 | ||
| 2. | Anglická motoristická žurnalis... | 0 | ||
| 3. | Soutěž World Press Photo letos... | 1 | ||
| 4. | Evropská unie vydala ve středu... | 1 | ||
| 5. | Minulý týden se začala prodáva... | 1 | ||
| 6. | Vzpomeňme v tomto tématu na zř... | 1 | ||
| 7. | Vyberte nepravdivé tvrzení o F... | 0 | ||
| 8. | Ze kterého Formanova filmu je... | 1 | ||
| 9. | Jakou větu pronesl v Přeletu n... | 1 | ||
| 10. | Pěknou vzpomínku na Formana na... | 0 |